énigme sur Naruto - Statistiques

Statistiques générales
  • Ce quiz a été pris 3 947 fois
  • Le résultat moyen est 23 sur 26
Statistiques - réponses
questions personnage % Correct
P sait manipuler un jutsu que seul le 4eme Hokage et T savaient utilisé Naruto
98%
K a une soif de vengeance depuis petit Sasuke
97%
U ferait tous pour K et est le disciple de M Sakura
96%
A est amoureux de P Hinata
95%
D est l'entraineur de K et le sensei de l'equipe de P , K et U Kakashi
95%
L est la source de la soif de vengeance de K Itachi
94%
W est un deserteur qui avait pour but d'aneantir konoha et qui a tué le 3eme Hokage Orochimaru
94%
M est un medecin tres reconnu Tsunade
94%
T est l'entraineur de P Jiraya
93%
B est nommé Shunin directement apres son premiere examin Shikamaru
93%
R ne sait utilisé que le thaidjutsu Rock lee
92%
Q et U aiment K et se battent pour l'avoir Ino
91%
H est de la famille de A Neji
91%
O est le sensei et la copie de R Gai
90%
J est le meilleur ami de B Choji
89%
G est l'un des personnages les plus puissants et malefique Gaara
89%
E ne se separe jamais de Z Kiba
89%
I est dans la meme equipe que A et E Shino
85%
S fait equipe avec G et V Temari
85%
Z ne se separe jamais de E Akamaru
84%
C est le disciple de W Kabuto
83%
N se considere comme le rival de P mais le voit comme son maitre et ami Konohamaru
83%
V ne se sert que de son pantin Kankuro
81%
F a perdu facilement sont combat contre S lors de l'examin des Shunin Tenten
78%
X est celui qui a redonné confiance et qui n'a jamais abandonné P Iruka
70%
Y etait un disciple tres puissants de W qui mourru lors d'un combat contre G Kimimaro
55%
Aucun quiz correspondant
Distribution des résultats
% des personnes avec chaque résultat
Percentile par nombre de réponses
Votre historique - résultats
Vous n’avez pas pris ce quiz